000 02026nam a2200397 c 4500
003 BLK
005 20220928132139.0
008 180408b bul|||||r ||||||| ||bul||
010 _aKNG00060913000
040 _aBLK
041 _aBUL
_cBUL
080 _aАрхеология. Праисторически паметници - вж 903
_b902
_x
_z902
080 _aПаметници на културата на историческите периоди. Археологическите паметници. Старини
_b904
_x
_z904
080 _aИстория на цивилизацията. История на културата
_b930.85
_x
_z930.85
080 _aСтара и антична история (общо)
_b931/939
_x
_z931/939
100 1 _aКерам, Курт В.
_eпърви автор
_978269
700 1 _aКовачевски, Христо
_eпрев. от нем.
_9369397
700 1 _aВелков, Велизар
_eпредг. от
_9369391
139 _aКерам, Курт В.
_bК 52
245 1 0 _aБогове, гробници и учени
_bРоман за археологията
_cКурт В. Керам; прев. от нем. Христо Ковачевски; предг. от Велизар Велков.
250 _a3. изд
257 _aDEU
260 София
_bБълг. художник
_c1988
300 _a527 с.
_bс ил.
_c24 см
380 _a9
500 _aОриг. загл. Gotter, Graber und Gelehrte / C. W. Ceram. - Истинското име на авт. е Курт В. Марек. - 1 изд. 1968. - Библиогр. с. 496-500 ; Азб. показалец
650 4 _aАрхеология
_9147536
650 4 _aАрхеологически паметници
_9243363
653 _aархеология
653 _aархеологически паметници
852 _aЦб 156058
856 4 _qpdf
_u
856 4 _qpdf
_u
942 _cKNG
_n0
_02
944 _aCR
_c13.06.2004
_lф /
_kМилена_Ачева
944 _aED
_c31.07.2017
_lф /
_kЛюдмила_Стоянова
999 _c56926
_d56926